| 000 | 00503nam a2200157 a 4500 | ||
|---|---|---|---|
| 001 | 000031358 | ||
| 005 | 20200930062856.0 | ||
| 008 | 110620s1977 dr ac 000 | spa d | ||
| 040 |
_aDO-SdBNP _bspa _cBNPHU |
||
| 082 |
_axxx _bP349b |
||
| 100 | 1 |
_aPeña Valdez, Julio de _957788 |
|
| 245 | 1 | 0 |
_aBreve historia del movimiento sindical dominicano / _cJulio de Peña Valdez. |
| 260 |
_aSanto Domingo : _bEdiciones Dominicanas Populares, _c1977. |
||
| 300 |
_a190 p. : _bil., retrs. ; _c20 cm. |
||
| 049 | _aBNPD | ||
| 999 |
_c30850 _d30850 |
||